Leaders of the UK Conservative Party Quiz Stats

 Plays Quiz Updated Jul 24, 2019

Score 0/16 Timer 06:00
3 Plays Today
Year Leader % Correct
2019-Boris Johnson
97.3%
1975-90Margaret Thatcher
97.1%
2016-19Theresa May
96%
2005-16David Cameron
93.7%
1940-55Winston Churchill
91.6%
1990-97John Major
90.8%
1997-01William Hague
73.5%
1965-75Edward Heath
72.9%
Year Leader % Correct
2001-03Iain Duncan Smith
71.8%
1937-40Neville Chamberlain
69.4%
2003-05Michael Howard
63%
1955-57Anthony Eden
60.7%
1957-63Harold Macmillan
60.4%
1963-65Alec Douglas-Home
51.2%
1923-37Stanley Baldwin
48.3%
1922-23Bonar Law
38.3%

You're not logged in!

Compare scores with friends on all Sporcle quizzes.
OR
Log In

Sporcle TV

Today on Sporcle TV


Watch our educational content, quiz creation guides, and fun videos on Sporcle TV.

Show Comments

Extras

Top Quizzes Today


Score Distribution

Your Account Isn't Verified!

In order to create a playlist on Sporcle, you need to verify the email address you used during registration. Go to your Sporcle Settings to finish the process.

Report this User

Report this user for behavior that violates our Community Guidelines.

Details: